000 00302nam a22001337a 4500
008 180226b xxu||||| |||| 00| 0 eng d
020 _a9780683083668
041 _aeng
080 _a617
100 _a8
101 _aORT
245 _aMyofascial Pain and Dysfunction
_cTravell, J.G
942 _2udc
_cBK
999 _c43493
_d43493